L'Eglise et la civilisation / (Record no. 157532)

MARC details
000 -LEADER
campo de control de longitud fija 00876nam a2200193 i 4500
001 - NÚMERO DE CONTROL
campo de control 157532
003 - IDENTIFICADOR DE NÚMERO DE CONTROL
campo de control ES-MaACL
005 - FECHA Y HORA DE LA ÚLTIMA TRANSACCIÓN
campo de control 20250831072559.0
008 - DATOS DE LONGITUD FIJA--INFORMACIÓN GENERAL
campo de control de longitud fija 041021s1878 fr |||| | fre d
040 ## - FUENTE DE CATALOGACIÓN
Centro catalogador/agencia de origen CAM
Lengua de catalogación spa
Centro/agencia transcriptor CAM
100 0# - ENTRADA PRINCIPAL--NOMBRE DE PERSONA
Nombre de persona León
Numeración XIII,
Títulos y otros términos asociados al nombre Papa
9 (RLIN) 71654
245 12 - MENCIÓN DEL TÍTULO
Título L'Eglise et la civilisation /
Mención de responsabilidad, etc. par le Cardinal Pecci..., aujourd'hui ... Pape Léon XIII ; traduit de l'italien par Paul Lapeyre.
260 ## - PUBLICACIÓN, DISTRIBUCIÓN, ETC.
Lugar de publicación, distribución, etc. Paris ;
-- Bruxelles ;
-- Lyon :
Nombre del editor, distribuidor, etc. Société Générale de Librairie Catholique, directeur général, Victor Palmé ;
Lugar de publicación, distribución, etc. Genève :
Nombre del editor, distribuidor, etc. Grosset et Trembley,
Fecha de publicación, distribución, etc. 1878 (
Fabricante Imp. Victor Goupy)
300 ## - DESCRIPCIÓN FÍSICA
Extensión 109 p. ;
Dimensiones 25 cm.
650 #7 - PUNTO DE ACCESO ADICIONAL DE MATERIA--TÉRMINO DE MATERIA
Término de materia o nombre geográfico como elemento de entrada Historia eclesiástica
Fuente del encabezamiento o término embne
9 (RLIN) 13400
700 1# - ENTRADA AGREGADA--NOMBRE PERSONAL
Nombre de persona Lapeyre, Paul.
9 (RLIN) 128682
852 ## - LOCALIZACIÓN
Ubicación ES-MaACL
Número de control de estantería T-242-F-4
Nota libre -- Enc. hol.
condición física -- Falto de la cub. original
Nota libre -- Enc. en un vol. facticio
Holdings
Estatus retirado Estado de pérdida Estado de daño No para préstamo Colección Biblioteca de origen Biblioteca actual Ubicación en estantería Fecha de adquisición Total de préstamos Signatura topográfica completa Código de barras Visto por última vez Precio de reemplazo Tipo de ítem Koha
        Colección de folletos Biblioteca del Ateneo de Madrid Biblioteca del Ateneo de Madrid Depósito folletos 17/01/2008   T-242-F-4 1164851 23/02/2023 23/02/2023 Folleto